[Event "Wroclaw Anderssen Memorial op"]
[Site "Wroclaw"]
[Date "2021.07.31"]
[Round "3"]
[White "Kotkowski, Adam"]
[Black "Jaworski, Tymon"]
[Result "0-1"]
[WhiteElo "1875"]
[BlackElo "1616"]
[PlyCount "88"]
[EventDate "2021.07.31"]
[EventType "swiss (rapid)"]
[EventRounds "9"]
[EventCountry "POL"]
[SourceTitle "CBM 203 Extra"]
[Source "ChessBase"]
[SourceDate "2021.09.30"]
[SourceVersion "1"]
[SourceVersionDate "2021.09.30"]
[SourceQuality "1"]

1. d4 Nf6 2. Bf4 d6 3. Nf3 Nbd7 4. e3 g6 5. Bd3 Bg7 6. c3 Nh5 7. Bg3 Nxg3 8. hxg3 e5 9. Nbd2 f5 10. e4 Nb6 11. Nh4 0-0 12. Qb3+ d5 13. exd5 Qxd5 14. Qxd5+ Nxd5 15. dxe5 Bxe5 16. 0-0-0 Nb6 17. Nhf3 Bf6 18. Bc2 Be6 19. Kb1 Bf7 20. Nb3 c6 21. Nfd4 Rfe8 22. Nc5 Re7 23. Rhe1 Rae8 24. Rxe7 Rxe7 25. Bb3 Nd5 26. Kc2 b6 27. Nd3 c5 28. Nb5 Kg7 29. Nd6 Bg8 30. Nf4 Nxf4 31. gxf4 Bxb3+ 32. axb3 Re2+ 33. Rd2 Rxd2+ 34. Kxd2 Bd8 35. Kd3 Bh4 36. g3 Bd8 37. Nc8 a6 38. Kc4 Kf6 39. Kd5 g5 40. Kc6 gxf4 41. gxf4 h5 42. Nd6 h4 43. Nc4 h3 44. Ne3 h2 0-1

[Event "Wroclaw op"]
[Site "Wroclaw"]
[Date "2004.??.??"]
[Round "8"]
[White "Kotkowski, Adam"]
[Black "Stankiewicz, Pawel"]
[Result "1/2-1/2"]
[WhiteElo "1800"]
[BlackElo "1800"]
[PlyCount "48"]
[EventDate "2004.??.??"]
[EventType "swiss"]
[EventRounds "9"]
[EventCountry "POL"]
[SourceTitle "EXT 2007"]
[Source "ChessBase"]
[SourceDate "2006.11.23"]
[SourceVersion "1"]
[SourceVersionDate "2006.11.23"]
[SourceQuality "1"]

1. e4 e5 2. f4 exf4 3. Nf3 Ne7 4. d4 d5 5. e5 Ng6 6. Bd3 Bg4 7. Bxg6 hxg6 8. Bxf4 Nc6 9. c3 Be7 10. Nbd2 Bh4+ 11. g3 g5 12. gxh4 gxf4 13. Qc2 Rxh4 14. Rg1 Bxf3 15. Nxf3 Rh3 16. Rxg7 Rh8 17. Qf5 Qe7 18. 0-0-0 Rf8 19. Ng5 Na5 20. Rf1 Nc4 21. Rxf4 Nd6 22. exd6 Qe1+ 23. Kc2 Qe2+ 24. Kb3 Qc4+ 1/2-1/2

[Event "Wroclaw op"]
[Site "Wroclaw"]
[Date "2004.??.??"]
[Round "2"]
[White "Sabuk, Piotr"]
[Black "Kotkowski, Adam"]
[Result "1/2-1/2"]
[WhiteElo "2000"]
[BlackElo "1800"]
[PlyCount "33"]
[EventDate "2004.??.??"]
[EventType "swiss"]
[EventRounds "9"]
[EventCountry "POL"]
[SourceTitle "EXT 2007"]
[Source "ChessBase"]
[SourceDate "2006.11.23"]
[SourceVersion "1"]
[SourceVersionDate "2006.11.23"]
[SourceQuality "1"]

1. e4 c5 2. Nf3 a6 3. d4 cxd4 4. Nxd4 e5 5. Nb3 Nf6 6. Bg5 b5 7. Be2 Bb7 8. Bf3 Be7 9. Bxf6 Bxf6 10. Nc3 d6 11. Nd5 0-0 12. 0-0 Nd7 13. Nxf6+ Nxf6 14. Re1 Rc8 15. Qd2 Qb6 16. Rad1 Rfd8 17. c3 1/2-1/2

[Event "Wroclaw op"]
[Site "Wroclaw"]
[Date "2004.??.??"]
[Round "5"]
[White "Werner, Andreas"]
[Black "Kotkowski, Adam"]
[Result "0-1"]
[WhiteElo "1800"]
[BlackElo "1800"]
[PlyCount "76"]
[EventDate "2004.??.??"]
[EventType "swiss"]
[EventRounds "9"]
[EventCountry "POL"]
[SourceTitle "EXT 2007"]
[Source "ChessBase"]
[SourceDate "2006.11.23"]
[SourceVersion "1"]
[SourceVersionDate "2006.11.23"]
[SourceQuality "1"]

1. e4 e6 2. d4 d5 3. exd5 exd5 4. Bd3 Bd6 5. Nf3 Ne7 6. 0-0 0-0 7. Bg5 h6 8. Bh4 Bg4 9. Nbd2 c6 10. h3 Bh5 11. g4 Bg6 12. Bxg6 fxg6 13. Ne5 Bxe5 14. dxe5 g5 15. Bg3 Ng6 16. Re1 Nd7 17. c4 Nb6 18. Qc2 Nf4 19. Kh2 Qd7 20. Rad1 h5 21. c5 Nc8 22. Ne4 Nxh3 23. e6 Qxe6 24. Nxg5 Qh6 25. Re6 Qxg5 26. Rg6 Qe7 27. Kxh3 hxg4+ 28. Rxg4 Rf6 29. Bf4 Qe6 30. Kg3 Ne7 31. Rg5 Rh6 32. Rg4 Nf5+ 33. Kf3 Rh3+ 34. Kg2 Ne3+ 35. Kxh3 Nxc2 36. Rdg1 Rf8 37. Bd6 Rf3+ 38. Bg3 Nd4 0-1

[Event "Wroclaw op"]
[Site "Wroclaw"]
[Date "2004.??.??"]
[Round "4"]
[White "Wojcik, Grzegorz"]
[Black "Kotkowski, Adam"]
[Result "0-1"]
[WhiteElo "1800"]
[BlackElo "1800"]
[PlyCount "44"]
[EventDate "2004.??.??"]
[EventType "swiss"]
[EventRounds "9"]
[EventCountry "POL"]
[SourceTitle "EXT 2007"]
[Source "ChessBase"]
[SourceDate "2006.11.23"]
[SourceVersion "1"]
[SourceVersionDate "2006.11.23"]
[SourceQuality "1"]

1. e4 e6 2. d4 d5 3. Nd2 c5 4. Bd3 cxd4 5. Ne2 Nc6 6. 0-0 g6 7. exd5 exd5 8. Re1 Nge7 9. Nb3 Bg7 10. Nbxd4 Bxd4 11. Nxd4 Nxd4 12. Bg5 Ne6 13. Bb5+ Bd7 14. Rxe6 fxe6 15. Qd4 0-0 16. Qb4 Rf7 17. Bd3 Nc6 18. Qh4 Qf8 19. f4 Nd4 20. Bh6 Qc5 21. Qf2 Qb6 22. Kh1 Nf5 0-1

[Event "Wroclaw-ch"]
[Site "Wroclaw"]
[Date "2003.??.??"]
[Round "3"]
[White "Wieczorek, Lech"]
[Black "Kotkowski, Adam"]
[Result "1-0"]
[WhiteElo "2000"]
[BlackElo "1800"]
[PlyCount "55"]
[EventDate "2003.??.??"]
[EventType "swiss"]
[EventRounds "9"]
[EventCountry "POL"]
[SourceTitle "EXT 2007"]
[Source "ChessBase"]
[SourceDate "2006.11.23"]
[SourceVersion "1"]
[SourceVersionDate "2006.11.23"]
[SourceQuality "1"]

1. d4 Nf6 2. Bg5 e6 3. Nf3 Nc6 4. e3 b6 5. Be2 Be7 6. Nbd2 0-0 7. c3 Bb7 8. Qc2 h6 9. h4 d6 10. 0-0-0 Na5 11. Rdg1 c5 12. g4 Nd5 13. Bd3 cxd4 14. exd4 Rc8 15. Bh7+ Kh8 16. Bxh6 gxh6 17. g5 Nf4 18. Rg4 e5 19. dxe5 dxe5 20. Nxe5 Ne2+ 21. Kb1 hxg5 22. f3 gxh4 23. Bg6 Bd5 24. Qf5 Ng3 25. Rxg3 fxg6 26. Nxg6+ Kg7 27. Nxe7+ hxg3 28. Rh7# 1-0